|
|
|
|
| LEADER |
00000nam0a2200000 4500 |
| 001 |
373544 |
| 005 |
20231102012557.0 |
| 035 |
|
|
|a (RuTPU)RU\TPU\retro\30974
|
| 035 |
|
|
|a RU\TPU\book\305448
|
| 090 |
|
|
|a 373544
|
| 100 |
|
|
|a 20221216d1912 m y0rusy50 ca
|
| 101 |
0 |
|
|a rus
|
| 102 |
|
|
|a RU
|
| 105 |
|
|
|a a z 000zy
|
| 200 |
1 |
|
|a К вопросу об экспериментально-графическом исследовании бессемеровского процесса
|e дипломная работа студента Механического Отделения Томского Технологического Института
|f Л. Красин
|e [оттиск]
|
| 210 |
|
|
|a Томск
|c Типо-литография Сибирского Т-ва Печатного Дела
|d 1912
|
| 215 |
|
|
|a 24 с.
|c 4 табл. цинкографий, 1 табл. диаграмм
|
| 225 |
1 |
|
|a Известий Томского Технологического Института Императора Николая II
|v Т. 25, №1
|
| 300 |
|
|
|a Текст в русской дореформенной орфографии
|
| 316 |
|
|
|5 63413507: ШкА/4110
|a На титульном листе дарственная надпись : "В библиотеку Томского Технологического института от автора"
|
| 606 |
1 |
|
|a Металлургия общая
|2 stltpush
|3 (RuTPU)RU\TPU\subj\43016
|9 62604
|
| 610 |
1 |
|
|a бессемеровский процесс
|
| 610 |
1 |
|
|a экспериментальное исследование
|
| 610 |
1 |
|
|a графический метод
|
| 610 |
1 |
|
|a выпускники ТТИ
|
| 610 |
1 |
|
|a дарственная надпись
|
| 610 |
1 |
|
|a дары автора
|
| 610 |
1 |
|
|a дары библиотеке
|
| 610 |
1 |
|
|a коллекция ТПУ
|
| 610 |
1 |
|
|a металлургические процессы
|
| 610 |
1 |
|
|a химический анализ
|
| 610 |
1 |
|
|a диаграммы
|
| 610 |
1 |
|
|a стали
|
| 610 |
1 |
|
|a окисление
|
| 610 |
1 |
|
|a железо
|
| 610 |
1 |
|
|a углерод
|
| 675 |
|
|
|a 669
|v 3
|
| 700 |
|
1 |
|a Красин
|b Л.
|
| 801 |
|
1 |
|a RU
|b 63413507
|c 20150124
|
| 801 |
|
2 |
|a RU
|b 63413507
|c 20221216
|g RCR
|
| 942 |
|
|
|c BK
|